[Event "9th LCC FIDE Open 2017"]
[Site "London"]
[Date "2017.12.05"]
[Round "5"]
[White "Hambleton, Aman"]
[Black "Derakhshani, Borna"]
[Result "1-0"]
[WhiteElo "2474"]
[BlackElo "2298"]
[Annotator "TA"]
[PlyCount "103"]
[EventDate "2017.??.??"]
[EventCountry "ENG"]
[SourceTitle "playchess.com"]
[Source "ChessBase"]
[SourceQuality "1"]

{[%evp 17,103,4,24,-17,14,-16,0,0,0,0,9,-31,0,-14,-12,-93,-41,-38,-33,-40,-26,-112,-104,-110,-113,-217,-154,-178,-170,-334,-56,-54,-47,-52,-53,-65,-64,-49,-7,-10,11,0,0,0,27,25,47,41,67,19,178,162,198,131,169,171,156,100,97,100,110,101,93,75,85,72,72,49,51,55,77,74,132,129,140,157,210,210,207,204,365,332,1208,1026,1416,1361,1274,1116]} 1. c4 e5 2. g3 Nf6 3. Bg2 d5 4. cxd5 Nxd5 5. Nc3 Nb6 6. e3 Nc6 {A22: Englische Eröffnung} 7. Nge2 Be7 (7... h5 8. h3 h4 9. g4 f5 10. d4 exd4 11. exd4 fxg4 12. Qd3 Qf6 13. Ne4 Bb4+ 14. Bd2 {0-1 (46) Caruana,F (2804)-Vachier Lagrave,M (2789) Paris 2016}) 8. O-O O-O 9. f4 f6 {LiveBook: 11 Partien} 10. b3 a5 $146 ({Vorgänger:} 10... Bg4 11. h3 Bf5 12. d4 exd4 13. exd4 Qd7 14. g4 {½-½ (49) Reizniece,D (2209)-Ptacnikova,L (2189) Reykjavik 2015}) 11. Bb2 Be6 12. fxe5 fxe5 13. Rxf8+ Bxf8 14. Be4 Nd7 15. Na4 Bg4 16. Qe1 (16. Bd5+ $11 Kh8 17. Qf1) 16... Qe8 (16... Nf6 $17 17. Bg2 Nb4) 17. Nec3 $15 Nf6 18. Bg2 Rd8 19. h3 (19. Ne4 $1 $11 {bleibt in der Remisbreite.}) 19... Be6 20. Rd1 Nb4 {zielt auf ...b5 ab.} 21. Qe2 (21. d4 $17) 21... Nd3 {...b5 ist eine echte Drohung.} 22. Ba1 Qg6 $1 23. Qf3 $2 {[#]} (23. Nb2 {war nötig.}) 23... Bd7 $2 ({Günstiger ist} 23... b5 $1 $19 {[%mdl 512]} 24. Nb2 (24. Nxb5 e4) 24... Nxb2 25. Bxb2 Qc2) 24. Nd5 Bc6 25. Nxf6+ $1 gxf6 26. Qg4 $1 Qxg4 27. hxg4 Bxa4 28. bxa4 Nc5 29. Kf1 b6 30. Ke2 Nxa4 {[#]} 31. g5 $1 {[%mdl 512]} fxg5 32. Bxe5 {Droht Lc6 und aus.} Bg7 $1 {[%cal Rg7e5]} 33. Bxc7 Rc8 $2 (33... Rd7 $11 34. Bb8 Rd8) 34. Bd6 $1 $18 Bf6 35. Be4 (35. Rf1 $18 Kg7 36. e4) 35... Rd8 {[#]} 36. Ba3 $1 b5 37. Bc6 (37. Rc1 $142) 37... b4 $16 38. Bxb4 axb4 39. Bxa4 {[%mdl 4096] Endspiel KTL-KTL} h5 40. Rh1 h4 41. gxh4 gxh4 42. d4 Kg7 43. Kd3 Kg6 44. Kc4 Be7 (44... Bg5 $142) 45. e4 {[%cal Be3e4,Be4e5][%mdl 32]} Kg5 46. e5 Kf4 (46... Ra8 $16) 47. Rf1+ $18 Ke3 {[#]} 48. d5 $1 {[%cal Bd4d5,Bd5d6][%mdl 32]} h3 $2 (48... Rc8+ 49. Bc6 h3) 49. d6 Bh4 $2 (49... Bxd6 50. exd6 Rxd6) 50. Rh1 {Weiß steht klar auf Gewinn.} Ke4 51. Rxh3 Bg5 52. Rh5 {Precision: Weiß = 38%, Schwarz = 28%.} 1-0

[Event "9th LCC FIDE Open 2017"]
[Site "London"]
[Date "2017.12.05"]
[Round "5"]
[White "Bilguun, Sumiya"]
[Black "Grandelius, Nils"]
[Result "1/2-1/2"]
[WhiteElo "2459"]
[BlackElo "2647"]
[Annotator "TA"]
[PlyCount "131"]
[EventDate "2017.??.??"]
[EventCountry "ENG"]
[SourceTitle "playchess.com"]
[Source "ChessBase"]
[SourceQuality "1"]

{[%evp 17,131,17,25,17,27,15,26,10,30,22,25,0,0,0,0,0,0,0,0,-17,39,0,0,-68,0,-26,0,-12,-6,-23,0,0,0,0,0,0,12,22,16,-18,-18,-16,-7,-12,-2,-27,-37,-24,0,-15,0,-11,-12,-23,0,-31,0,-26,0,-50,-30,-96,-101,-146,-146,-191,-200,-165,-148,-143,-105,-182,-182,-183,-188,-233,-151,-164,-156,-144,-144,-160,-158,-173,-170,-268,-294,-308,-300,-1041,-1089,-1037,-1016,-828,-327,-906,-880,-12840,-1253,-911,-1219,-1123,-992,-817,0,0,0,0,0,0,0,0,0,0,0,0]} 1. e4 c5 2. Nf3 d6 3. d4 cxd4 4. Nxd4 Nf6 5. Nc3 g6 6. f3 a6 {B70: Sicilian Dragon: 6 g3 and 6 Be2 (without a later Be3)} 7. Be3 b5 8. Qd2 Bb7 9. O-O-O (9. g4 h6 10. O-O-O Nbd7 11. h4 Rc8 12. Bd3 b4 13. Nce2 e5 14. Nb3 d5 15. exd5 Nxd5 {1-0 (33) Caruana,F (2817)-Shabalov,A (2556) Saint Louis 2017}) 9... h5 {LiveBook: 8 Games} 10. a3 Nbd7 {[%cal Bb8d7,Bd7e5,Be5c4][%mdl 32]} 11. Kb1 Rc8 12. h3 Bg7 13. Bd3 $146 ({Predecessor:} 13. Be2 Qc7 14. Rhe1 h4 15. Bg5 Nb6 16. Bd3 Qc5 17. Be3 Qc7 18. Bg5 {½-½ (18) Elent,M (2443)-Van Tienhoven,R (2389) ICCF email 2011}) 13... Ne5 14. g4 Nfd7 15. f4 Nc4 16. Bxc4 $1 Rxc4 17. gxh5 Rxh5 {White should prevent ...Nf6.} 18. f5 $1 {[%cal Rf5g6] [#]} Ne5 (18... g5 $1 $11 {[%mdl 512]}) 19. fxg6 Nxg6 20. Rhg1 (20. Rhf1 $11) 20... Qd7 ({Better is} 20... Qc8 $1 $15) 21. h4 (21. Qf2 {is interesting.} Bxd4 22. Bxd4 Qe6 23. b3 Rc8 24. Rde1) 21... Bxd4 22. Bxd4 Rxh4 23. Qf2 Rxe4 24. Nxe4 Bxe4 25. Bc3 Qf5 26. Qd2 a5 {Strongly threatening ...b4!} 27. Rg5 Qd7 {Threatens to win with ...b4!} 28. b3 Rc8 29. Rc1 a4 30. Kb2 Qc6 31. Rg4 d5 32. Rg3 f6 33. Bb4 Qd7 34. Rc3 Rxc3 35. Bxc3 e5 36. Bb4 Nf4 37. Rg1 Kf7 $36 {[%mdl 2048] Black has some pressure.} 38. Qh2 Qh3 39. Qf2 (39. Qxh3 $11 Nxh3 40. Rg3) 39... d4 $17 {[%cal Bd5d4,Bd4d3][%mdl 32] White must now prevent ...axb3.} 40. Rg3 Qc8 41. Qd2 axb3 42. cxb3 Qc6 43. Qd1 d3 44. Bd2 (44. Ba5 $17 {keeps fighting.}) 44... Ne2 $1 $19 {[%cal Re2g3]} 45. Re3 f5 {[%cal Bf6f5,Bf5f4,Bf4f3,Bf3f2][%mdl 32]} 46. Bb4 Ke6 47. Rxe2 dxe2 48. Qxe2 Qd5 49. Qh2 f4 $1 50. Qh6+ Kf7 $1 51. Qf8+ (51. Kc1 $142) 51... Kg6 52. Qe8+ Kg5 {( -> ...Qd4+)} 53. Bc3 $2 (53. a4 bxa4 54. bxa4) 53... f3 54. Qe7+ {[#]} Kh5 $1 55. Qf6 Bg6 $2 (55... Bh7 {...Qe4 is the strong threat.} 56. a4 bxa4 57. bxa4 Qe4) 56. a4 $2 (56. Qh8+ Kg4 57. Qh2) 56... Qe4 {And now ...b4 would win.} 57. Bxe5 Qe2+ (57... b4 $142 58. Qh8+ Kg4 59. Qc8+ Kh4 60. Qh8+ Bh7 61. Bf6+ Kh5 62. Qxh7+ Qxh7 63. Bd4 Qd3 64. Bb6 Qc3+ 65. Ka2 Qc2+ 66. Ka1 Qxb3 67. Bg1 Qc2 68. Bd4 b3 69. Bb2 Qd1+ 70. Bc1 Qxc1#) 58. Ka3 f2 59. Qh8+ Kg4 60. Qc8+ {[#]} Kf3 $2 (60... Kh4 $1 $19 61. Qh8+ Bh5 62. Qd8+ Kh3 63. Qc8+ Kg2 64. Qc6+ Qf3) 61. Qh3+ $11 {The position is equal.} Ke4 62. Qh4+ Kd3 63. Qd4+ $1 Kc2 64. Qb2+ Kd1 65. Qa1+ Kc2 66. Qb2+ {Precision: White = 44%, Black = 58%.} 1/2-1/2

[Event "9th LCC FIDE Open 2017"]
[Site "London"]
[Date "2017.12.05"]
[Round "5"]
[White "Zhou, Yang-Fan"]
[Black "Hawkins, Jonathan"]
[Result "0-1"]
[WhiteElo "2459"]
[BlackElo "2579"]
[Annotator "TA"]
[PlyCount "100"]
[EventDate "2017.??.??"]
[EventCountry "ENG"]
[SourceTitle "playchess.com"]
[Source "ChessBase"]
[SourceQuality "1"]

{[%evp 32,100,18,0,29,31,45,45,45,45,39,39,54,50,44,35,48,41,35,43,36,39,43,0,0,0,0,0,0,0,0,-16,-93,-352,-354,-362,-358,-323,-348,-385,-352,-351,-360,-420,-420,-543,-543,-542,-535,-531,-517,-634,-617,-6087,-5941,-5916,-5791,-29976,-29976,-29975,-29975,-29976,-29976,-29973,-29971,-29982,-29982,-29982,-29983,-29984,-29984]} 1. e4 c6 2. d4 d5 3. Nc3 {[%cal Bb1c3,Bc3e4,Be4g5][%mdl 32]} dxe4 4. Nxe4 Nd7 5. Ng5 Ngf6 6. Bd3 e6 7. N1f3 Bd6 8. Qe2 h6 9. Ne4 Nxe4 10. Qxe4 Nf6 11. Qe2 Qc7 12. Bd2 b6 13. Ne5 {B17: Caro-Kann-Verteidigung} c5 14. Bb5+ Ke7 15. O-O-O Bb7 16. dxc5 Qxc5 17. f4 {LiveBook: 6 Partien} Rhd8 18. a3 Qc7 19. Bd3 Rac8 20. Kb1 Kf8 21. Rhf1 Kg8 {[#]} 22. Bc1 $146 ({Vorgänger:} 22. g4 Bxe5 23. fxe5 Nd7 24. g5 Nc5 25. g6 fxg6 26. Bxg6 {1-0 (36) Timoshenko,G (2590)-Kacheishvili,G (2570) New York 1999}) 22... b5 23. g4 {zielt auf g5 ab.} Nd5 $1 24. g5 hxg5 $1 {[#]} 25. Nxf7 $1 {[%mdl 512]} Qxf7 26. fxg5 Nf4 27. Bxf4 Bxf4 28. Qg4 e5 {Und weiter mit ...g6 wäre nett.} 29. Bf5 $1 {[%cal Rf5e6]} Rxd1+ 30. Rxd1 Re8 {...g6 ist eine echte Drohung.} (30... Bf3 $5 31. Qh3 $8 Qh5 32. Bxc8 Bxd1 $11) 31. Qh3 g6 (31... Bxg5 $2 32. Rd7 $18) 32. Rd7 $2 {[%mdl 8192]} (32. Bd7 $17 {war erzwungen.} Re7 33. Bxb5) 32... Bg2 $1 $19 {[%cal Rg2h3]} 33. Bxg6 Qxg6 ({Schwächer ist} 33... Bxh3 34. Bxf7+ Kf8 35. Bxe8 $15) 34. Qxg2 {[#]} e4 $1 ({Weniger gut wäre} 34... Qxg5 35. Qc6 $17) ({Lieber nicht} 34... Bxg5 35. h4 $18) 35. h4 a6 36. Rd4 Qh5 37. c4 Be3 38. Rd7 Qf3 39. Qc2 {beabsichtigt cxb5.} Qf1+ 40. Rd1 Qxc4 41. Qh2 Bc5 {Droht stark ...e3.} 42. Qc7 e3 {[%cal Be4e3,Be3e2][%mdl 32]} 43. g6 Re7 44. Qd8+ Kg7 {Schwarz setzt Matt.} 45. h5 e2 46. Re1 Qh4 47. Qd2 Qxh5 48. Ka1 Bf2 49. Qc3+ Kxg6 50. Qc6+ Kf7 {Precision: Weiß = 57%, Schwarz = 84%.} 0-1

[Event "9th LCC FIDE Open 2017"]
[Site "London"]
[Date "2017.12.05"]
[Round "5"]
[White "Williams, Simon K"]
[Black "Risting, Eivind Olav"]
[Result "1/2-1/2"]
[WhiteElo "2453"]
[BlackElo "2279"]
[Annotator "TA"]
[PlyCount "82"]
[EventDate "2017.??.??"]
[EventCountry "ENG"]
[SourceTitle "playchess.com"]
[Source "ChessBase"]
[SourceQuality "1"]

{[%evp 17,82,0,0,0,0,0,0,0,13,16,46,-11,-14,-57,-61,-60,-73,-107,-60,-92,-58,-143,-162,-289,-251,-305,-318,-333,-307,-311,-332,-329,-322,-322,-323,-283,-314,-295,-273,-269,-257,-234,-150,-150,-129,-126,-41,-291,0,-387,-4,-12,-12,-15,0,0,0,0,52,0,25,0,31,0,31,0,10]} 1. d4 Nf6 2. Nf3 c5 3. d5 b5 4. a4 b4 5. Bg5 d6 6. Bxf6 {A43: Schmid Benoni} exf6 7. e4 g6 8. Nbd2 Bg7 (8... Bh6 9. Bb5+ Kf8 10. O-O Kg7 11. Re1 Bg4 12. Nf1 a6 {½-½ (29) Apicella,M (2515)-Edouard,R (2640) Chartres 2017}) 9. Bb5+ Nd7 {LiveBook: 3 Games} 10. Nc4 Qc7 11. O-O O-O 12. Nfd2 $146 ({Predecessor:} 12. Re1 Bb7 13. Qd2 Ne5 14. Ncxe5 fxe5 {0-1 (40) Karrer,P (1955)-Freuler,R (2045) Winterthur 2007}) 12... Bb7 13. a5 Rab8 14. Ne3 ({Better is} 14. Bxd7 $14 Qxd7 15. a6) 14... Bc8 $11 15. Bd3 (15. Bxd7 $5 Qxd7 16. Nec4 $11) 15... f5 16. exf5 Bxb2 17. Ne4 Bg7 (17... Bxa1 $6 18. Qxa1 b3 19. cxb3 $11) 18. Nc4 Bb7 19. Rb1 (19. Ne3 $1 $15) 19... Bxd5 $17 20. Nexd6 (20. Qg4 $142) 20... Nf6 $19 21. Qe2 Rfd8 22. fxg6 hxg6 ({Not} 22... Rxd6 23. Nxd6 Qxd6 24. gxh7+ Kh8 25. Bc4 $17) 23. Ne4 Nxe4 24. Bxe4 Bxc4 25. Qxc4 Rd4 26. Qe2 Re8 ({Don't play} 26... Qxa5 27. c3 $17) 27. f3 f5 28. Qb5 Re7 29. Bc6 Rh4 30. g3 Bd4+ 31. Kg2 {[#]} Rhh7 ({Black should play} 31... Qxc6 $1 $17 {[%mdl 512]} 32. Qc4+ (32. Qxc6 Re2+) 32... Qe6 33. Qxe6+ Rxe6 34. gxh4 Re2+ 35. Kg3 Rxc2) 32. Rbe1 $2 {[#]} (32. Rfe1 $15) 32... Kh8 $2 (32... Bf2 $1 $19 {[%mdl 512]} 33. Qc4+ (33. Rxf2 Rxe1) 33... Kh8 34. Rxf2 (34. Rxe7 $2 Rxh2+ 35. Kxh2 Qxg3+ 36. Kh1 Qh3#) 34... Rxe1) 33. a6 $2 {[%mdl 8192] [#]} (33. f4 $11 {and White has nothing to worry.}) 33... Rhg7 $2 (33... Bf2 $1 $19 {[%mdl 512] ( -> ...Rxh2+!)} 34. Rxf2 (34. Rxe7 $2 {leads to mate.} Rxh2+ 35. Kxh2 Qxg3+ 36. Kh1 Qh3#) 34... Rxe1) 34. Bd5 $11 Kh7 35. Bb3 Bc3 36. Rxe7 Qxe7 37. Rf2 Qd7 (37... Qd6 $11) 38. Qc4 (38. Qxc5 $14 Re7 39. Qc4) 38... Qd4 39. Qe6 Qd7 40. Qc4 {[%cal Rc4h4]} Qd4 41. Qe6 Qd7 {Precision: White = 41%, Black = 44%.} 1/2-1/2

[Event "9th LCC FIDE Open 2017"]
[Site "London"]
[Date "2017.12.05"]
[Round "5"]
[White "Houska, Jovanka"]
[Black "Motylev, Alexander"]
[Result "0-1"]
[WhiteElo "2407"]
[BlackElo "2675"]
[Annotator "TA"]
[PlyCount "82"]
[EventDate "2017.??.??"]
[EventCountry "ENG"]
[SourceTitle "playchess.com"]
[Source "ChessBase"]
[SourceQuality "1"]

{[%evp 23,82,19,26,16,19,6,0,2,13,6,14,8,12,0,0,0,0,0,0,0,0,-14,0,0,-17,-123,-122,-122,-122,-125,-125,-125,-125,-127,-125,-129,-130,-131,-128,-141,-138,-143,-135,-137,-134,-142,-131,-156,-160,-160,-157,-157,-159,-310,-310,-310,-292,-353,-295,-450,-436]} 1. d4 d5 2. Nf3 c6 3. c4 e6 4. Nbd2 Nf6 5. e3 Nbd7 6. b3 b6 7. Bb2 Bb7 8. Bd3 Be7 9. O-O O-O 10. Qe2 c5 11. Rfd1 Ne4 {D30: Queen's Gambit Declined: Systems without Nc3} (11... cxd4 12. exd4 Re8 13. Ne5 dxc4 14. bxc4 Qc7 15. f4 g6 16. Ndf3 Nh5 17. Qe3 Ng7 18. Nxd7 Qxd7 19. Ne5 {1-0 (50) Macieja,B (2618)-Dziuba,M (2576) Lublin 2010}) 12. cxd5 exd5 {LiveBook: 3 Games} 13. dxc5 Nexc5 {The position is equal.} 14. Nf1 $146 {[%cal Bd2f1,Bf1g3,Bg3f5][%mdl 32]} ({Predecessor:} 14. Bb5 a6 15. Bxd7 Qxd7 16. Ne5 Qe6 17. Nd3 Bd6 18. Nf3 a5 19. Qd2 {1-0 (39) Idani,P (2473)-Borosova,Z (2291) Kecskemet 2012}) 14... Nxd3 15. Qxd3 Nc5 16. Qe2 (16. Qc2 {with more complications.} Rc8 17. Rac1 Qd7 18. Ng3 Rfe8 19. Qb1) 16... Rc8 17. Ng3 Ba6 18. Qd2 Nd3 19. Bc3 Re8 20. Nf5 Bf8 21. Ne1 Nc5 22. Qb2 {[%cal Rc3g7]} Qg5 23. Rxd5 {And now h4 would win.} Qg6 {Black wants to play ...Ne4.} 24. Nf3 {[#]} (24. Ng3 $1 $11) 24... Nd3 $1 $36 {[%cal Rd3b2][%mdl 2048] Black is really pushing.} 25. Qd2 Qc6 26. Rxd3 Bxd3 27. Qxd3 {aiming for Bd2.} Qxc3 28. Qd1 Qc2 29. N5d4 Qxd1+ 30. Rxd1 Red8 31. Ne1 g6 32. Rb1 Rc3 33. Kf1 Rdc8 34. Ke2 Bg7 35. Nb5 R3c5 36. a4 a6 37. Nd6 Rc1 38. Nxc8 $2 {[#]} (38. Rxc1 $17 Rxc1 39. Nc4) 38... Rxb1 $19 39. Nxb6 Rxb3 40. a5 Bc3 41. Nc4 (41. Nd3 $142) 41... Rb4 {Precision: White = 32%, Black = 81%.} 0-1

[Event "9th LCC FIDE Open 2017"]
[Site "London"]
[Date "2017.12.05"]
[Round "5"]
[White "Baenziger, Fabian"]
[Black "Iturrizaga Bonelli, Eduardo"]
[Result "1/2-1/2"]
[WhiteElo "2400"]
[BlackElo "2665"]
[Annotator "TA"]
[PlyCount "81"]
[EventDate "2017.??.??"]
[EventCountry "ENG"]
[SourceTitle "playchess.com"]
[Source "ChessBase"]
[SourceQuality "1"]

{[%evp 12,81,34,18,17,22,50,40,46,29,44,18,21,18,14,16,51,59,70,42,58,35,38,47,56,29,53,43,32,21,6,0,0,0,0,-18,-7,-90,-94,-101,-90,-100,-52,-59,-29,-77,-75,-70,-70,-72,-52,-47,-7,-91,-94,-135,-67,-81,-56,-81,-81,-81,-81,-115,0,0,4,0,0,0,0,-12]} 1. c4 c5 2. Nc3 b6 3. Nf3 Bb7 4. e3 Nf6 5. d4 cxd4 6. exd4 e6 7. Be2 {LiveBook: 25 Games} Bb4 {E14: Queen's Indian: Classical Variation (4 e3)} 8. Qb3 Na6 $146 ({Predecessor:} 8... Bxc3+ 9. Qxc3 d5 10. Qa3 dxc4 11. b3 Nc6 12. O-O c3 13. Rd1 Ne7 14. Qa4+ Bc6 15. Qc4 {½-½ (36) Kempinski,R (2545)-Beliavsky,A (2649) Linares 2003}) 9. O-O O-O {White is slightly better.} 10. Bg5 h6 11. Bh4 Be7 12. Rad1 Nc7 13. Rfe1 d5 {[#]} 14. c5 $1 {[%mdl 512]} Rb8 (14... bxc5 15. Qxb7) 15. cxb6 axb6 16. Ne5 Nce8 17. Bd3 Nd6 18. a4 Nfe4 19. Bxe7 Qxe7 20. f3 Nxc3 21. Qxc3 Rfc8 22. Qb4 Qd8 23. g3 Nc4 24. Ng4 {[#]} (24. f4 $11 {keeps the balance.}) 24... b5 $1 $17 {[%mdl 512] ...bxa4 is the strong threat.} 25. axb5 Ba6 26. Bxc4 dxc4 27. Re5 Qd7 {[%cal Ra6b5]} 28. Qc3 Rxb5 29. Rxb5 Qxb5 30. Ne3 Bb7 31. Kg2 Qh5 32. g4 (32. Rf1 $1 $11 {remains equal.}) 32... Qg5 {Hoping for ...h5.} 33. Kg3 h5 (33... f5 $17 {White must now prevent ...f4+.} 34. f4 Qg6) 34. h4 $15 Qd8 {And now ...Qc7+ would win.} 35. d5 Qd6+ 36. f4 {Threatens to win with dxe6.} hxg4 {[%cal Rb7d5]} (36... exd5 $6 37. Qxg7+ $1 {[%mdl 512]} Kxg7 38. Nf5+ Kf6 39. Nxd6 $11) 37. h5 {[#]} exd5 (37... Bxd5 $1 $17 38. Kxg4 Rb8 39. Qxc4 Bxc4 40. Rxd6 Be2+ 41. Kg3 Rb3) 38. Nf5 {[%csl Gf5][%cal Rc3g7] [#]The position is equal.} d4 $1 {[%cal Rd4c3]} 39. Nxd6 (39. Qxd4 Qxd4) 39... dxc3 40. bxc3 ({Don't play} 40. Nxc8 cxb2 41. Nb6 (41. Ne7+ $2 Kh7 $19) 41... c3 $17) 40... Bf3 41. Rd4 {Precision: White = 44%, Black = 60%.} 1/2-1/2

[Event "9th LCC FIDE Open 2017"]
[Site "London"]
[Date "2017.12.05"]
[Round "5"]
[White "Akash Pc, Iyer"]
[Black "Donchenko, Alexander"]
[Result "0-1"]
[WhiteElo "2390"]
[BlackElo "2569"]
[Annotator "TA"]
[PlyCount "116"]
[EventDate "2017.??.??"]
[EventCountry "ENG"]
[SourceTitle "playchess.com"]
[Source "ChessBase"]
[SourceQuality "1"]

{[%evp 22,116,18,18,84,31,18,9,31,28,15,0,25,44,34,30,46,32,40,47,33,-35,-16,-40,-20,-90,-83,-77,-93,-75,-64,-68,-40,-146,-39,-72,0,0,0,-31,-33,-34,0,0,0,0,0,0,0,0,0,0,0,0,0,0,0,-88,-71,-59,-79,-64,0,0,0,-8,0,0,-5,-72,-72,-2245,-1940,-9889,-6418,-3684,-2388,-29956,-29961,-29960,-29961,-29959,-29963,-29966,-29966,-29968,-29969,-29957,-12799,-29976,-29976,-29976,-29977,-29979,-29978,-29981,-29982]} 1. d4 Nf6 2. c4 e6 3. Nc3 Bb4 4. e3 O-O 5. Bd3 d5 6. Nf3 c5 7. O-O Nc6 8. a3 Bxc3 9. bxc3 dxc4 10. Bxc4 Qc7 11. Ba2 Rd8 12. Bb2 {LiveBook: 4 Games. E59: Nimzo-Indian: Rubinstein: Main Line: 7...Nc6 8 a3 Bxc3 9 bxc3 dxc4} (12. Qc2 e5 13. Ng5 Rf8 14. dxe5 Nxe5 15. f4 Ng6 16. Bc4 b5 17. Bxb5 c4 18. Qa4 h6 19. Nf3 Be6 20. Bxc4 {1-0 (49) Barbosa,O (2585)-Gomez,J (2512) Ho Chi Minh City 2012}) 12... h6 (12... Na5 $11) 13. Qe2 ({White should play} 13. c4 $16) 13... e5 $14 14. h3 {The position is equal.} Qe7 15. Rfd1 Bf5 $146 ({Predecessor:} 15... e4 16. Nh2 Bf5 17. a4 cxd4 18. exd4 Nd5 19. Bxd5 Rxd5 {0-1 (36) Johansson,V (2179)-Terao,J (2187) Istanbul 2012}) 16. Rac1 Rac8 17. d5 Nb8 {[%cal Bc6b8,Bb8d7,Bd7e5,Be5d3][%mdl 32]} 18. c4 Nbd7 19. Nh4 Bh7 20. Bb1 e4 {next ...g5 is good for Black.} 21. g3 (21. f4 $1 $14) 21... Ne5 $15 22. f4 Nd3 23. Rc2 {[#]} (23. Bxd3 $11 exd3 24. Rxd3) 23... b5 $1 $17 {[%mdl 512]} 24. cxb5 Nxb2 25. Rxb2 c4 (25... Nxd5 $5 {[%cal Rd5c3]} 26. Qe1 g5 $15) 26. Rbd2 Qxa3 {...c3 is the strong threat.} 27. Rd4 {[#]} (27. d6 $15) 27... c3 (27... Ne8 $1 $17 {Threatens to win with ...Nd6.} 28. Bxe4 Bxe4 29. Rxe4 Nd6) 28. Bc2 Qc5 (28... Qd6 $17) 29. d6 $11 Rd7 30. Ba4 (30. Bb3 $5 {[%cal Rd4c4]} Qb6 31. Qa2 $11) 30... Qb6 31. Ng2 h5 32. g4 hxg4 33. hxg4 Rcd8 $36 {[%cal Rd7d6][%mdl 2048] Black has the initiative.} 34. g5 Ne8 35. Qc4 Rxd6 36. Rxd6 Rxd6 37. Rxd6 Nxd6 38. Qxc3 Bf5 39. Kf2 (39. Qe5 $11 {remains equal.}) 39... Nxb5 $17 40. Qe5 Nd6 41. Nh4 g6 (41... Be6 $15 42. f5 Bc4) 42. Nxf5 $11 gxf5 43. Qc3 a5 44. Bb3 Qb4 45. Qxb4 (45. Qc2 $1 $11) 45... axb4 {[%mdl 4096] Endgame KB-KN} 46. g6 $2 {[%mdl 8192]} (46. Ke2 $17) 46... Kg7 $19 47. gxf7 Nxf7 48. Ke2 Kg6 49. Kd2 Nd6 50. Bd5 Kh5 51. Be6 Kg4 52. Ke2 Nb7 53. Bg8 Nc5 54. Kd2 b3 {[%cal Bb4b3,Bb3b2][%mdl 32]} 55. Ke2 b2 {Black mates.} 56. Ba2 Na6 57. Bb1 Nb4 58. Kf2 Nd5 {Precision: White = 37%, Black = 63%.} 0-1

[Event "9th LCC FIDE Open 2017"]
[Site "London"]
[Date "2017.12.05"]
[Round "5"]
[White "Zujev, Oleg"]
[Black "Maze, Sebastien"]
[Result "0-1"]
[WhiteElo "2381"]
[BlackElo "2614"]
[Annotator "TA"]
[PlyCount "86"]
[EventDate "2017.??.??"]
[EventCountry "ENG"]
[SourceTitle "playchess.com"]
[Source "ChessBase"]
[SourceQuality "1"]

{[%evp 12,86,74,66,96,80,88,71,133,56,69,69,57,66,157,114,117,-46,-54,-75,-62,-75,-75,-59,-47,-75,0,-57,-60,-49,-58,-122,-113,-139,-138,-138,-128,-125,-108,-108,-104,-108,-103,-122,-113,-189,-97,-105,-93,-105,-101,-93,-99,-223,-184,-400,-418,-349,-352,-545,-513,-456,-271,-281,-285,-309,-302,-532,-520,-529,-532,-498,-493,-29975,-29977,-29975,-29973]} 1. d4 d6 2. e4 Nf6 3. Nc3 g6 4. Be3 c6 5. h3 b5 6. e5 dxe5 7. dxe5 {LiveBook: 20 Games} Nfd7 {B07: Pirc Defence: Miscellaneous Systems} (7... Qxd1+ 8. Rxd1 Nfd7 9. f4 Bg7 10. g3 a6 11. Bg2 f6 12. e6 Nf8 13. Nd5 Nxe6 14. Nb6 Bb7 15. Nxa8 Bxa8 {1-0 (32) Kurnosov,I (2527)-Gagunashvili,M (2582) Groningen 2003}) 8. f4 Bg7 9. Nf3 Qc7 (9... O-O $142) 10. a4 $146 (10. h4 $16) ({Predecessor:} 10. Bd3 O-O 11. O-O Nb6 12. Ng5 b4 13. Nce4 Nd5 14. Bc5 Nd7 15. Qe1 Nxc5 16. Nxc5 {0-1 (40) Avdeenko,T (2186)-Bronnikova,E (2287) Obninsk 2007}) 10... b4 $14 11. Ne4 Nb6 12. c4 Bf5 (12... bxc3 $1 $14 13. Nxc3 Qb7) 13. Nc5 N6d7 14. Nh4 $2 (14. Nb3 $1 $16) 14... Nxc5 $15 15. Nxf5 gxf5 16. Bxc5 Bxe5 $1 17. Bd4 Bxd4 18. Qxd4 {[#]} O-O (18... Rg8 $1 $17) 19. O-O-O ({Better is} 19. Qe3 $11) 19... c5 20. Qe3 Nc6 21. g4 (21. Qxc5 $15 Qxf4+ 22. Kb1) 21... Rad8 $17 22. Rd5 {[#]} e6 $1 {[%cal Re6d5]} 23. Rxd8 Rxd8 (23... Nxd8 $6 24. Bd3 $11) 24. gxf5 Qd6 {[%csl Gd8][%cal Rd6d1]} 25. Bg2 Nd4 ({Of course not} 25... exf5 $6 26. Bxc6 Qxc6 27. Rg1+ Kh8 28. Qe5+ f6 29. Qe7 $11) 26. fxe6 Qxe6 $40 {[%mdl 128] Black is out for blood.} 27. Qxe6 fxe6 {[%mdl 4096] Endgame KRB-KRN} 28. Be4 (28. Rf1 $17 {was necessary.}) 28... Rf8 ({Black should try} 28... Ne2+ $19 29. Kc2 Rd4) 29. Rg1+ Kh8 30. Kd2 Rxf4 31. Ke3 Rh4 32. Rg5 (32. Rg3 $17 {keeps fighting.}) 32... Rxh3+ $19 33. Kf4 $2 (33. Kf2) 33... Ne2+ 34. Ke5 Re3 35. Kxe6 (35. Rg2 $142) 35... Rxe4+ {KRN-KR} 36. Kd5 Re8 (36... Re3 $142 {...Nd4 is the strong threat.} 37. Rf5 Rb3 38. Kxc5 Rxb2 39. Rf8+ Kg7) 37. Kxc5 Rg8 38. Rd5 Nf4 39. Rd7 $2 (39. Rd6 {was called for.}) 39... h5 {[%cal Bh7h5,Bh5h4,Bh4h3,Bh3h2][%mdl 32]} 40. Kxb4 h4 41. c5 h3 42. c6 (42. Rd1 $19 Rg2 43. c6) 42... h2 43. Rd1 {[#]} Nd5+ $1 {[%mdl 512] Precision: White = 31%, Black = 76%.} 0-1